000 00680nam a2200181 a 4500
008 120416s1983 ||||||||||||||||| || u
020 _a0333345258
050 _aHF 1411 Har
100 _aHart, Jeffrey A
245 1 4 _aThe New international economic order
246 _aconflict and cooperation in North-South economic relations, 1974-77
260 _aBasingstole
_bMacmillan P
_c1983 (1985)
300 _axviii, 180p. : ill.
350 _a0.00
650 0 _aECONOMICS
650 0 _aINTERNATIONAL ECONOMIC RELATIONS
995 _D0.00
_FCBU-MAIN LIBRARY (Kitwe)
_H1
_I29.50
_M1
_UAVAILABLE
_ZAnnex Low-Usage Collection
999 _c52144
_d52144